000 00950cam a2200313 a 4500
001 15963795
005 20180202050919.0
008 091028s2011 mauab b 001 0 eng
010 _a 2009940218
015 _aGBA999382
_2bnb
016 7 _a015391157
_2Uk
020 _a9780495898368
020 _a0495898368
035 _a(OCoLC)ocn428032437
040 _aUKM
_cUKM
_dBTCTA
_dDLC
041 _aeng
042 _alccopycat
043 _an-us---
080 _a324.70973 RON
082 0 4 _a324.70973 RON
_222
100 1 _a20
101 _aPOL
245 1 0 _aAmerican government and politics :
_cby Joseph Bessette, John Pitney.
504 _aIncludes bibliographical references (p. 572-620) and index.
906 _a7
_bcbc
_ccopycat
_d3
_encip
_f20
_gy-gencatlg
942 _2ddc
_cBK
999 _c41626
_d41626